000 00288nam a2200121Ia 4500
008 190216s9999||||xx |||||||||||||| ||und||
100 _aNoel Morris
245 0 _aIndustrial Electronics
260 _bTata Mcgrawhill Publishers
_c1986
300 _a303p
650 _aPhysics
942 _cBK
999 _c33120
_d33120